| 000 | 00997nam a2200253Ia 4500 | ||
|---|---|---|---|
| 003 | Ost | ||
| 005 | 20260507075541.0 | ||
| 008 | 260507s9999||||xx |||||||||||||| ||und|| | ||
| 020 | _a9772121239 | ||
| 040 | _cfsecg | ||
| 041 | _aara | ||
| 082 | _a341.2 | ||
| 100 |
_aعبد الرحيم، محمد ابراهيم _eمؤلف |
||
| 245 | 0 |
_aمنظمات اقتصادية دولية في زمن العولمة / _c محمد ابراهيم عبد الرحيم |
|
| 260 |
_aالاسكندرية: _bمؤسسة شباب الجامعة, _c2008 |
||
| 300 |
_a248 صفحة؛ _bإيضاحات ؛ _c24 سم |
||
| 504 | _aبيبليوغرافيا: ص ص.243-246 | ||
| 520 | _aيضم مجموعة البنك الدولي، صندوق النقد الدولي، منظمة التجارة العالمية، تقارير دولية | ||
| 653 | _aالإقتصاد | ||
| 653 | _aالعولمة | ||
| 653 | _aالقانون الدولي | ||
| 653 | _aالمنظمات الدولية | ||
| 942 | _cكتاب | ||
| 999 |
_c44869 _d44869 |
||